000 01618nam0a22002891 4500
001 rc\3693134
005 20250610113005.0
021 _aRU
_b[74-15049ж]
035 _a(NLR Aleph) 007878931
090 _a7905563
_c7905563
100 _a20130115d1973 |||y0rusy50 ca
101 0 _arus
102 _aRU
105 _aa z |||||
200 1 _aКачественные методы теории дифференциальных уравнений и их приложения
_e[Сборник статей
_fРед. коллегия: ... Е.А. Леонтович-Андронова (отв. ред.) и др.]
210 _aГорький
_cБ. и.
_d1973
215 _a222 с.
_cчерт.
_d20
225 1 _aМинистерство высшего и среднего специального образования РСФСР. Горьковский государственный университет имени Н.И. Лобачевского. Научно-исследовательский институт прикладной математики и кибернетики. Ученые записки
_vВып. 187
320 _aСписки лит. в конце статей
606 _aДифференциальные уравнения
_xКачественная теория
_jСборники
_2psbo
702 1 _4340
_7ca
_8rus
_aЛеонтович-Андронова
_bЕ. А.
_f1905-1997
_gЕвгения Александровна
_9269001
_3RU\NLR\AUTH\770269057
801 0 _aRU
_bNLR
_gpsbo
801 1 _aRU
_bELAR
_2rusmarc
852 _aNLR
_jП1/23
942 _cBOOK
980 _aNB